10 Rules to Break & 10 Rules to Make (Record no. 76158)

MARC details
000 -LEADER
fixed length control field 00548nam a2200193Ia 4500
005 - DATE AND TIME OF LATEST TRANSACTION
control field 20251122102638.0
008 - FIXED-LENGTH DATA ELEMENTS--GENERAL INFORMATION
fixed length control field 221007s9999 xx 000 0 und d
041 ## - LANGUAGE CODE
Language code of text/sound track or separate title eng
082 ## - DEWEY DECIMAL CLASSIFICATION NUMBER
Classification number 158.1
Item number QUA
100 ## - MAIN ENTRY--PERSONAL NAME
Author Quain B
245 ## - TITLE STATEMENT
Title 10 Rules to Break & 10 Rules to Make
Remainder of title The DO's And Donts For Designing Your Destiny
250 ## - EDITION STATEMENT
Edition statement Ed.1st
260 ## - PUBLICATION, DISTRIBUTION, ETC.
Date of publication, distribution, etc. 2014
Name of publisher, distributor, etc. Pentagon press
Place of publication, distribution, etc. New Delhi
300 ## - PHYSICAL DESCRIPTION
Extent 172p
500 ## - GENERAL NOTE
Keywords Personality Development<br/>
650 ## - SUBJECT ADDED ENTRY--TOPICAL TERM
Topical term or geographic name entry element Personality Development
942 ## - ADDED ENTRY ELEMENTS (KOHA)
Koha item type Books
906 ## - LOCAL DATA ELEMENT F, LDF (RLIN)
a 61.69
b General
Holdings
Withdrawn status Lost status Damaged status Not for loan Home library Current library Date acquired Vendor Net Price Bill number Total Checkouts Total Renewals Full call number Barcode Date last seen Date last checked out Actual Price Bill Date Koha item type Original Barcode
        Smt. Hiraben Nanavati Institute of Management & Research for Women Smt. Hiraben Nanavati Institute of Management & Research for Women 02/03/2017 Suyog Enterprises 199.00 SE/SI/3814 7 6 158.1 QUA B15520 HIMR-BK-15520 01/10/2024 27/09/2024 137.31 27/02/2017 Books B15520